000
00190 a2200097 4500
020
_a
9686465065
041
_a
spa
100
_a
Kipling,Rudyard
245
_a
El Hijo del Elefante
942
_c
BK
999
_c
31733
_d
31731